| 000 | 00519nam a2200193Ia 4500 | ||
|---|---|---|---|
| 003 | GCL | ||
| 008 | 140319s9999 xx 000 0 eng d | ||
| 040 |
_aGCL / _cGCL |
||
| 082 | 0 | 4 |
_a892.76 _bG A |
| 100 | 1 | _aGHAZOUL, FERIAL J | |
| 245 | 1 | 0 |
_aTHE ARABIAN NIGHTS: A STRUCTURAL ANALYSIS / _cGHAZOUL, FERIAL J |
| 260 |
_a[S.N] : _bCAIRO ASSOCIATED INSTITUTION ، _c1980 |
||
| 300 | _a162 | ||
| 650 | 0 | 4 | _aLITERATURE |
| 650 | 0 | 4 | _aARABIC LITERATURE |
| 650 | 0 | 4 | _aFICTION |
| 650 | 0 | 4 | _aARABIC FICTION |
| 942 |
_2ddc _cBK |
||
| 999 |
_c15394 _d15394 |
||